00889nam a2200193 i 4500001000700000003000900007005001700016007000300033008004100036110008300077245012700160260007800287300002900365650005300394710008900447852002000536999001900556952012000575104600ES-MaACL20230906183638.0t|051202s1981 sp ||||1| spa d1 aEspaña. bMinisterio de Agricultura. bSecretaría General Técnica.9384210aRed contable agraria nacional b: resultados del año 1978 / cMinisterio de Agricultura, Secretaría General Técnica. aMadrid : b[s.n.], c1981 (fImp. del Servicio de Publicaciones Agrarias) aXXXIV, 348 p. ; c29 cm. 4aAgricultura-zEspaña-vEstadísticas.91434501 aEspaña. bMinisterio de Agricultura. bServicio de Publicaciones Agrarias.9172211 aES-MaACLjL-479 c104600d104600 00104070aATENEOMbATENEOMcDEPO2d2008-01-17eSCl0oL-479p1109207r2023-02-23 00:00:00w2023-02-23yMONOGRAFIA